Object-oriented and classical software engineering (Record no. 12114)

000 -LEADER
fixed length control field 00455nam a22001577a 4500
020 ## - INTERNATIONAL STANDARD BOOK NUMBER
International Standard Book Number 9780071081719
082 ## - DEWEY DECIMAL CLASSIFICATION NUMBER
Classification number 005.1
100 ## - MAIN ENTRY--PERSONAL NAME
Personal name Schach, Stephen R.
245 ## - TITLE STATEMENT
Title Object-oriented and classical software engineering
250 ## - EDITION STATEMENT
Edition statement 8th ed.
260 ## - PUBLICATION, DISTRIBUTION, ETC.
Place of publication, distribution, etc. New York
Name of publisher, distributor, etc. McGraw-Hill
Date of publication, distribution, etc. 2011
300 ## - PHYSICAL DESCRIPTION
Extent xix, 667 p.
Other physical details ill. ;
500 ## - GENERAL NOTE
General note Includes index.
650 ## - SUBJECT ADDED ENTRY--TOPICAL TERM
Topical term or geographic name entry element 1. Software engineering. 2. Object-oriented programming (Computer science)
942 ## - ADDED ENTRY ELEMENTS (KOHA)
Koha item type Book
Holdings
Withdrawn status Lost status Damaged status Not for loan Collection code Permanent Location Current Location Shelving location Date acquired Source of acquisition Cost, normal purchase price Total Checkouts Full call number Barcode Date last seen Date last checked out Price effective from Koha item type
          Central Library (CL) Central Library (CL) First Floor - Software Engineering/ Programming Language 07/17/2013 Allied Book Company 2976.57 1 005.1 SCH SEECS012632 08/23/2014 08/23/2014 07/18/2013 Book
© 2023 Central Library, National University of Sciences and Technology. All Rights Reserved.